|
|
|
|
| LEADER |
00000cam a2200000 7i4500 |
| 001 |
0000014833 |
| 005 |
20080306.0 |
| 008 |
080306 |
| 020 |
|
|
|a 9833372848
|
| 090 |
0 |
0 |
|a 649.1
|b SAA
|
| 100 |
0 |
|
|a Saat Sulaiman
|
| 245 |
1 |
0 |
|a Panduan menjadi ibu bapa cemerlang
|c Saat Sulaiman
|
| 260 |
|
|
|a Pahang :
|b PTS Millennia ,
|c 2005
|
| 440 |
|
|
|a Siri pembangunan keluarga
|
| 650 |
|
0 |
|a Child rearing
|
| 650 |
|
0 |
|a Parenthood
|
| 650 |
|
0 |
|a Parenting
|
| 999 |
|
|
|a 0001016049
|b Book
|c Adult Collection
|e Perbadanan Perpustakaan Awam Johor
|
| 999 |
|
|
|a 0001016050
|b Book
|c Adult Collection
|e Perbadanan Perpustakaan Awam Johor
|
| 999 |
|
|
|a 0001016051
|b Book
|c Adult Collection
|e Perbadanan Perpustakaan Awam Johor
|
| 999 |
|
|
|a 0001016052
|b Book
|c Adult Collection
|e Perbadanan Perpustakaan Awam Johor
|
| 999 |
|
|
|a 0001016053
|b Book
|c Adult Collection
|e Cawangan Urban Transformation Centre
|